Statistics for Human Pain

Click here to take the quiz!

General Stats

  • This quiz has been taken 18 times
    (6 since last reset)
  • The average score is 7 of 27

Answer Stats

DOLCause% Correct
57Child Birth
83%
38Getting Stabbed
83%
43Getting Shot
67%
18Breaking a Bone
50%
52Kicked in the balls
50%
2Paper Cut
50%
8Period
50%
25Migrane
33%
20Punch to the Face
33%
8Arthritis
17%
12Bee Sting
17%
70Burning Alive
17%
13Choked
17%
7Drowning
17%
33Heart Attack
17%
6Splinter
17%
9Toothache
17%
15Whiplash
17%
193rd Degree Burn
0%
5Biting Tongue
0%
32Dismemberment
0%
18Getting a Tatto
0%
50Passing a Kidney Stone
0%
14Starvation
0%
30Stingray Sting
0%
4Stubbing Toe
0%
22Ulcers
0%

Score Distribution

Percentile by Number Answered

Percent of People with Each Score

Your Score History

You have not taken this quiz since the last reset